00390nam a2200193Ia 4500003000900000008004100009040001300050040001300063041000800076100001900084245002100103250001100124260001200135260000900147300001100156300001000167490000600177600001300183IT-RoPAU120407s9999 xx 000 0 und d aIT-RoPAU cIT-RoPAU aita aGuido Morselli aRoma senza papa. aMilano aAdelphi c1974 a184 p. c22 cm v1 aRomanzo.